Ekonomický rozvoj Slovenskej republiky diplomová práca

Salvato in:
Dettagli Bibliografici
Autore principale: Ondisová, Lucia
Ente Autore: Podnikovohospodárska fakulta EU so sídlom v Košiciach. Katedra ekonómie
Altri autori: Duľová Spišáková, Emília, 1983-
Natura: Libro
Lingua:slovacco
Pubblicazione: Košice 2015
Tags: Aggiungi Tag
Nessun Tag, puoi essere il primo ad aggiungerne!!

MARC

LEADER 00000nbm a2200000 4500
001 0202173
005 20240827092226.2
041 0 |a slo 
044 |a SK 
245 1 0 |a Ekonomický rozvoj Slovenskej republiky  |b diplomová práca  |c Lucia Ondisová ; školiteľ: Emília Duľová Spišáková 
264 1 |a Košice  |c 2015 
300 |a 67 s. 
100 1 |a Ondisová, Lucia 
700 1 |a Duľová Spišáková, Emília, 1983- 
710 2 |a Podnikovohospodárska fakulta EU so sídlom v Košiciach. Katedra ekonómie